1512 1182 1421 1407 1338 1994 1614 1474 1025 1987 1294 1452 1837 1078 1392 1189 1995 1405 1527 1491 1198 1611 1294 1574 1582 1014 1528 1633 1945 1412 1044 1240 1974 1454 1458 1364 1431 1469 1060 1045 1602 1520 1527 1496 1864 1809 1510 1947 1694 1984 1346 1809 1324 1503 1320 1028 1609 1052 1701 1607 1456 1473 1464 1449 1820 1310 1781 1944 1397 1490 1995 1640 1065 1738 1240 1332 1761 1662 1223 1382 1544 1209 1812 1430 1599 1927 1437 1195 1258 1270 1278 1195 1406 1263 1969 1673 1338 1838 1035 BCNSPRNW ULIB Ver.6.0+V

เปลี่ยนเป็นภาษาไทย

Change to English
 แสดงรายละเอียดบรรณานุกรม
  กลับหน้าหลัก

Brief Record : Get Marc (ISO 2709) : E-mail record : QR code < ปิดหน้าต่าง
สารบัญ Review โดย
ทศพร เกษรทอง
ห้องสมุดวิทยาเขตนครสวรรค์
ทศพร เกษรทอง เมื่อ25/เมษายน/2559
1.พัฒนาการทางจิตใจ
2.แนวคิดการเกิดโรคทางจิตเวช
3.ทฤษฎีจิตวิเคราะห์
4.การสัมภาษณ์และการตรวจทางจิตเวช
5.การทดสอบทางจิตวิทยา
6.อาการและอาการแสดงทางจิตเวช
7.การจำแนกโรคและการวินิจฉัยโรคทางจิตเวช
8.Delirium
9.โรคสมองเสื่อม
10.ปัญหาจากการใช้สารเสพติด
11.โรคจิตเภทและโรคจิตอื่นๆ
12.โรคอารมณืสองขั้ว
13.โรคซึมเศร้า
14.โรควิตกกังวล
15.โรคย้ำคิดย้ำทำและโรคอื่นที่เกี่ยวข้อง
16.โรคที่เกิดจากความกดดันทางจิตใจ
17.Dissociative Disorders
18.Somatic Symptom and Related Disorders
19.ปัจจัยทางจิตใจทีมีผลต่อภาวะความเจ็บป่วยทางกาย
20.อาการทางกายที่ไม่ทราบสาเหตุในเวชปฏิบัติ
21.ปัญหาการนอนหลับ
22.ความผิดปกติทางเพศ
23.Disruptive, Impulse-Control, and Conduct Disorders
24.บุคลิกภาพผิดปกติ
25.ปัญหาทางจิตเวชในผู้ป่วยทางกาย
26.จิตเวชฉุกเฉิน
27.การดูแลผู้ป่วยระยะสุดท้ายและการสูญเสีย
28.ทักษะการสื่อสารในเวชปฏิบัติ
29.การรักษาด้านจิตใจ
30.การให้คำแนะนำปรึกษา
31.การใช้ยาและ ECT
32.การสัมภาษณ์และการตรวจสภาพจิตเด็กและวัยรุ่น
33.โรคทางจิตเวชของเด็กและวัยรุ่น
34.โรคบกพร่องด้านการเรียน
35.Tic Disorder
36.ความผิดปกติในการกิน
37.โรคสมาธิสั้น
38.Autism Spectrum Disorder
39.ภาวะอื่นๆที่อาจเป็นประเด็นสำคัญทางคลินิก
40.นิติจิตเวชศาสตร์
41.สุขภาพจิตและระบบบริการสุขภาพจิตในประเทศไทย

LEADER : 00000nam 2200000uu 4500
001    13399124887
003     ULIB
008    160425s2558||||th 000 0 tha d
020    ^a9786162796272
060 04 ^aWM100^bม456จ
100 0  ^aมาโนช หล่อตระกูล
245 00 ^aจิตเวชศาสตร์รามาธิบดี /^cมาโนช หล่อตระกูล, ปราโมทย์ สุคนิชย์,บรรณาธิการ
250    ^aพิมพ์ครั้งที่ 4
260    ^aกรุงเทพฯ :^bภาควิชาจิตเวชศาสตร์ คณะแพทยศาสตร์โรงพยาบาลรามาธิบดี มหาวิทยาลัยมหิดล,^c2558
300    ^a640 หน้า :^bภาพประกอบ ;^c21 ซม.
650  7 ^aจิตเวชศาสตร์
650  7 ^aสุขภาพจิต
700 0  ^aปราโมทย์ สุคนิชย์,^eบรรณาธิการ
710 2  ^aมหาวิทยาลัยมหิดล. ^bคณะแพทยศาสตร์โรงพยาบาลรามาธิบดี.^bภาควิชาจิตเวชศาสตร์
945    ^p350^l0^i23478
945    ^p350^l0^i23479
945    ^p350^l0^i23480
945    ^p350^l0^i27978
945    ^p350^l0^i27979
999    ^aทศพร เกษรทอง
รายการนี้ยังไม่มีแท็ก
คุณยังไม่ได้ล็อกอิน คุณสามารถมีกิจกรรมร่วมกับเว็บไซต์ได้ แต่ต้องล็อกอินก่อน ::
  ล็อกอิน

รายการสื่อสารสนเทศ

ลำดับที่ ประเภท เลขเรียก/บาร์โค้ด สถานที่ สถานะ
1. วิทยาศาสตร์การแพทย์ และสุขภาพ
วิทยาศาสตร์การแพทย์ และสุขภาพ
สถานะ=หนังสือเก่า
WM100 ม456จ ฉ.1 
  Barcode: 23478
ห้องสมุดวิทยาเขตนครสวรรค์
►ส่วนจัดเก็บหนังสือเก่า นว.
บนชั้น
  ขอยืม
2. วิทยาศาสตร์การแพทย์ และสุขภาพ
วิทยาศาสตร์การแพทย์ และสุขภาพ
สถานะ=หนังสือเก่า
WM100 ม456จ ฉ.2 
  Barcode: 23479
ห้องสมุดวิทยาเขตนครสวรรค์
►ส่วนจัดเก็บหนังสือเก่า นว.
บนชั้น
  ขอยืม
3. วิทยาศาสตร์การแพทย์ และสุขภาพ
วิทยาศาสตร์การแพทย์ และสุขภาพ
สถานะ=หนังสือเก่า
WM100 ม456จ ฉ.3 
  Barcode: 23480
ห้องสมุดวิทยาเขตนครสวรรค์
►ส่วนจัดเก็บหนังสือเก่า นว.
บนชั้น
  ขอยืม
4. วิทยาศาสตร์การแพทย์ และสุขภาพ
วิทยาศาสตร์การแพทย์ และสุขภาพ
สถานะ=หนังสือเก่า
WM100 ม456จ ฉ.4 
  Barcode: 27978
ห้องสมุดวิทยาเขตนครสวรรค์
►ส่วนจัดเก็บหนังสือเก่า นว.
บนชั้น
  ขอยืม
5. วิทยาศาสตร์การแพทย์ และสุขภาพ
วิทยาศาสตร์การแพทย์ และสุขภาพ
สถานะ=หนังสือเก่า
WM100 ม456จ ฉ.5 
  Barcode: 27979
ห้องสมุดวิทยาเขตนครสวรรค์
►ส่วนจัดเก็บหนังสือเก่า นว.
บนชั้น
  ขอยืม

รายการใกล้เคียง
    ผู้แต่ง [มาโนช หล่อตระกูล]

    หัวเรื่อง [จิตเวชศาสตร์]
    หัวเรื่อง [สุขภาพจิต]

BibComment


ยังไม่เคยถูกคอมเมนท์

คอมเมนท์ทรัพยากรรายการนี้
  คอมเมนท์: จิตเวชศาสตร์รามา..


 Copyright 2026. Bcnsprnw @Library